[Event "Leon"]
[Site "Leon"]
[Date "1993.??.??"]
[Round "4"]
[White "Topalov, Veselin"]
[Black "Leko, Peter"]
[Result "1/2-1/2"]
[WhiteElo "2635"]
[BlackElo "2465"]
[PlyCount "107"]
[EventDate "1993.05.??"]
[Source "ChessBase"]
[SourceDate "2004.01.01"]

1. c4 c5 2. g3 g6 3. Bg2 Bg7 4. Nf3 Nc6 5. O-O Nf6 6. d4 cxd4 7. Nxd4 O-O 8.
Nc3 Ng4 9. e3 d6 10. Nce2 Bd7 11. b3 Nxd4 12. Nxd4 Rb8 13. Bb2 Qa5 14. h3 Ne5
15. Qe2 Rfc8 16. Rfd1 Nc6 17. Nb5 Bxb2 18. Qxb2 a6 19. Nc3 Qe5 20. Rac1 b5 21.
cxb5 axb5 22. Qd2 Kf8 23. f4 Qg7 24. Ne4 Rd8 25. Nxd6 Bxh3 26. Rxc6 Bxg2 27.
Kxg2 Qf6 28. Kf3 Ra8 29. Qd4 Qxd4 30. Rxd4 Rxd6 31. Rdxd6 exd6 32. Rxd6 Rxa2
33. Rb6 h5 34. Rxb5 Rb2 35. b4 f5 36. Rb7 Kg8 37. b5 Kf8 38. b6 Kg8 39. g4
hxg4+ 40. Kg3 Kf8 41. Kh4 Rb3 42. Kg5 g3 43. Kxg6 Rxe3 44. Kf6 Kg8 45. Rg7+ Kh8
46. Rg5 Kh7 47. Rg7+ Kh8 48. Kf7 Rd3 49. b7 Rd8 50. Rxg3 Rd7+ 51. Kf8 Rxb7 52.
Rh3+ Rh7 53. Rxh7+ Kxh7 54. Kf7 1/2-1/2